000 00766nam a22002657a 4500
001 BR9405525
003 BR-BrBNA
005 20230928094324.0
007 ta
008 230509b bl.||||| |||| 00| 0 por d
040 _aBR-BrBNA
_bpor
_cBiblioteca Nacional de Agricultura
041 _a(Por)
072 _aF30
_b0312
090 _ 0312 BR9405525
100 1 _aCid, L.P.B.
110 1 _aCentro Nacional de Pesquisa de Seringueira e Dende, Manaus, AM (Brasil)
_91799
245 1 _aRelatorio de estagio sobre cultura de tecido em dende (Elaeis guineensis J.>
260 3 _aManaus, AM (Brasil):
_c1984.
300 _a19 p.
650 _aDende
650 _aCultura de Tecido
650 _aHistologia
909 _a202309
_bLucia
_c55
_dLucia Elande
942 _cBK
999 _c50058
_d50058